MLB Baseball Best Player 2024 - Statistics

General Stats
  • This quiz has been taken 366 times
    230 since last reset
  • The average score is 13 of 30
Answer Stats
Team Player(s) WAR % Correct
New York Yankees Aaron Judge 11.4
79%
Los Angeles Dodgers Shohei Ohtani 9.3
77%
Baltimore Orioles Gunnar Henderson 8.8
74%
Arizona Diamondbacks Ketel Marte 6.9
73%
Kansas City Royals Bobby Witt Jr. 10.0
69%
New York Mets Francisco Lindor 7.0
60%
Cleveland Guardians Jose Ramirez 6.3
59%
Boston Red Sox Jarren Duran 7.9
58%
Detroit Tigers Tarik Skubal 6.6
55%
Atlanta Braves Chris Sale 6.2
54%
Toronto Blue Jays Vladimir Guerrero Jr. 5.8
54%
Pittsburgh Pirates Paul Skenes 5.9
51%
Texas Rangers Corey Seager 5.0
49%
Houston Astros Yordan Alvarez 5.4
47%
Philadelphia Phillies Zack Wheeler 5.7
46%
Oakland Athletics Brent Rooker 5.4
41%
Minnesota Twins Carlos Correa 3.9
39%
San Diego Padres Jackson Merrill | Michael King | Dylan Cease 4.1
36%
Washington Nationals C.J. Abrams 3.8
32%
Chicago Cubs Seiya Suzuki 3.8
31%
San Francisco Giants Matt Chapman 6.4
30%
Milwaukee Brewers William Contreras 4.6
30%
Seattle Mariners Cal Raleigh 4.5
26%
Cincinnati Reds Hunter Greene 6.1
26%
Colorado Rockies Brenton Doyle 3.4
24%
Los Angeles Angels Zack Neto 5.0
20%
St. Louis Cardinals Masyn Winn 4.8
12%
Chicago White Sox Erick Fedde 4.5
4%
Miami Marlins Tanner Scott 3.3
4%
Tampa Bay Rays Zack Littell 2.8
2%
No matching quizzes found
Score Distribution
Percent of People with Each Score
Percentile by Number Answered
Your Score History
You have not taken this quiz since the last reset